Logos Alphabetically Sports Teams #5 - Statistics

General Stats
  • This quiz has been taken 25 times
  • The average score is 11 of 11
Answer Stats
Picture Answer % Correct
Bruins
100%
Jets
100%
Padres
100%
Raptors
100%
Sharks
100%
Texans
100%
Diamondbacks
94%
Flames
94%
Mammoth
94%
Athletics
89%
Canadiens
89%
No matching quizzes found
Score Distribution
Percent of People with Each Score
Percentile by Number Answered
Your Score History
You have not taken this quiz